|
|
|
|
| LEADER |
00000cam a2200000 7i4500 |
| 001 |
0000014868 |
| 005 |
20080306.0 |
| 008 |
080306 |
| 020 |
|
|
|a 9676117447
|
| 090 |
0 |
0 |
|a 808.06601
|b SUL
|
| 100 |
0 |
|
|a Sulaiman Masri
|
| 245 |
1 |
0 |
|a Kaedah penyelidikan dan panduan penulisan (esei, proposal, tesis)
|c Sulaiman Masri
|
| 260 |
|
|
|a Kuala Lumpur :
|b Utusan Publications & Distributors ,
|c 2005
|
| 440 |
|
|
|a Siri pengajian dan pendidikan Utusan
|
| 650 |
|
0 |
|a Academic writing
|x Methodology
|
| 650 |
|
0 |
|a Authorships
|x Methodology
|
| 650 |
|
0 |
|a Proposal writing in research
|x Methodology
|
| 999 |
|
|
|a 0000910185
|b Book
|c Adult Collection
|e Cawangan Bandar Tenggara
|
| 999 |
|
|
|a 0000910186
|b Book
|c Adult Collection
|e Cawangan Bandar Tenggara
|
| 999 |
|
|
|a 0000933414
|b Book
|c Adult Collection
|e Cawangan Tangkak
|
| 999 |
|
|
|a 0000933416
|b Book
|c Adult Collection
|e Cawangan Tangkak
|
| 999 |
|
|
|a 0001016212
|b Book
|c Adult Collection
|e Perbadanan Perpustakaan Awam Johor
|
| 999 |
|
|
|a 0001016214
|b Book
|c Adult Collection
|e Perbadanan Perpustakaan Awam Johor
|
| 999 |
|
|
|a 0001034459
|b Book
|c Adult Collection
|e Desa - PPAJ
|
| 999 |
|
|
|a 0001034487
|b Book
|c Adult Collection
|e Desa - PPAJ
|
| 999 |
|
|
|a 0001070918
|b Book
|c Adult Collection
|e Cawangan Tmn. Ungku Tun Aminah
|
| 999 |
|
|
|a 0001257754
|b Book
|c Adult Collection
|e Cawangan Muar
|
| 999 |
|
|
|a 0001262227
|b Book
|c Adult Collection
|e Cawangan AEON Kulaijaya
|